Keď sa mladí búria Popradské divadielko Oko má 30 rokov

Bibliographic Details
Main Author: Michnica, Jozef (Author)
Format: Article
Language:Slovak
Subjects:

MARC

LEADER 00000nab a2200000 a 4500
001 vtls000407518
003 SK-MaSNL
005 20260303195206.0
008 120924c1991 xo 0 slo
015 |a SNBRB19rr/mm-uuuuu 
035 |a CL0407642 
040 |a SNKBUCL  |b slo  |c SNKBUCL  |e AACR2 
041 0 |a slo 
044 |a xo  |c SK 
080 |a 792.077  |2 1981 
100 1 |a Michnica, Jozef  |4 aut  |9 6897 
245 1 0 |a Keď sa mladí búria  |b Popradské divadielko Oko má 30 rokov  |c Jozef Michnica ; Augustín Kuchár 
600 1 7 |a Kuchár, Augustín,  |d 1935-  |2 snkbucl  |9 90427 
610 2 7 |a Divadielko Oko  |2 snkbucl  |9 232691 
651 7 |a 5406  |2 snkbucl  |9 276477 
651 7 |a Poprad (Slovensko)  |2 SNKPHgeo  |9 20155 
655 7 |a články z novín a časopisov  |2 snkbucl  |9 267496 
773 0 |t Ľudové noviny  |g Roč. 2, č. 41 (18. 2. 1991), s. 10 
850 |a Slovenská národná knižnica v Martine  |a MTA001 
852 |a SNK  |b KIS3GCP 
958 |a RK 
992 |a RBX 
999 |c 2161382  |d 2163312